00569 2200205 4500245005900000020001800059250001100077100002100088700002000109700002100129650001700150005001900167260003100186041001400217084001300231300003400244500006500278336000900343338001100352 aSeiho Boys' High School Vol. 8cIzumi, KaneyoshihText a9786022665052 aCet. 1 aIzumi, Kaneyoshi aIne Martiana K. aFrisian Yuniardi aKomik Jepang a20230131144658 aJakartabPT Gramediac2014 aIndonesia a741.5592 a... jil. :bilus. ;c17,5 cm. aJudul asli : Men's KO Vol. 8Diterjemahkan dari bahasa Jepang atext avolume